000 00885nam a2200253Ia 4500
003 OSt
005 20210421145535.0
008 210310s1964 mx gr 000 0 spa d
040 _aCO-JMCR
_cCO-JMCR
041 _aspa
082 0 4 _a382 /
_bK894c
_223
100 1 _aKramer, Roland L,
_eautor
_925776
245 0 _aEconomia Internaciona :
_bteoría, política, practica /
_cKramer, Roland L, Maurice Y. d´Arlin, Franklin R. Root.
260 _aMexico :
_bGeneral de ediciones,
_c1964
300 _axiv, 731 páginas ;
_c23 cm.
500 _aIncluye índice alfabético.
505 0 _aTeoría. -- Política. -- Práctica.
650 1 4 _aComercio internacional.
_925778
650 2 4 _aComercio internacional.
_94034
650 2 4 _aPolítica comercial.
_96253
700 1 _ad´Arlin, Maurice Y.,
_eautor
_937028
700 1 _aRoot., Franklin R.,
_eautor
_937029
942 _2ddc
_cBK
999 _c11533
_d11533